004330000a22001330004500008004100000082001600041110004800057245005100105260005600156300001100212650002000223650002400243650003200267230817t ||||| |||| 00| 0 eng d a305.23bSRI aSri Lanka, Presidential commission on youth aReport of The presidential commission on youth aColombo:b[Presidential commission on youth],c1990 a223 p. aYOUTH-Sri Lanka aEducation Sri Lanka aYouth Employment- Sri Lanka